000 01076cam a2200301 a 4500
999 _c2304
_d2304
001 14693022
003 GZU
005 20201028125031.0
008 070110s2008 cau b 001 0 eng
010 _a 2007920599
020 _a9780495603573
040 _aDLC
_cDLC
_dDLC
050 0 0 _aHM811
_b.C58 2008
100 1 _aClinard, Marshall Barron,
_d1911-
245 1 0 _aSociology of deviant behavior /
_cMarshall B. Clinard, Robert F. Meier.
250 _a13th ed.
260 _aBelmont, CA :
_bThomson/Wadsworth,
_cc2004
300 _axviii, 587 p. ;
_c24 cm.
504 _aIncludes bibliographical references (p. 496-563) and indexes.
650 0 _aDeviant behavior.
650 0 _aCriminal psychology.
700 1 _aMeier, Robert F.
_q(Robert Frank),
_d1944-
856 4 1 _3Table of contents only
_uhttp://www.loc.gov/catdir/toc/fy0714/2007920599.html
906 _a7
_bcbc
_corigcop
_d3
_eepcn
_f20
_gy-gencatlg
942 _2lcc
_cBK
_e13th
_h811
_iCLI
_kHM